000 00416nam a22001577a 4500
003 NUST - PNEC
005 20170116181006.0
008 150912b xxu||||| |||| 00| 0 eng d
040 _cLIBRARY
082 _a621.3848 RAD
100 _99799
_aPhilips Elektronikindustrier AB
245 _aModern radar techniques
_cPhilips Elektronikindustrier AB
260 _c1978
650 _97919
_aRadar
_xEL
942 _2ddc
_cBK
999 _c66878
_d66878